00405nam a2200133Ia 4500003000400000008004100004040001600045082002000061245011000081260002800191490000500219650001900224650002800243GCL140319s9999 xx 000 0 ara d aGCL / cGCL04aكاسيتb39110aالتاريخ الفنى للموسيقار رياض السنباطى (يحتوى على 7 شرائط) a[S.N] : bلا يوجد a04aالاغانى04aشرائط كاسيت